000 00662nam a22002177a 4500
003 UA-OsUOA
001 130173
007 ta
008 20180411b un ||||| |||| 00| 0 ukr d
100 _aТатомир І. Л.
090 _a330
_bТ23
942 _cSA
040 _aUA-OsUOA
_bukr
_cUA-OsUOA
_dUA-OsUOA
245 _aВплив академічного капіталізму на спрінт-офф-активність дочірніх компаній
300 _aС.93-109
955 _a0
041 _aukr
080 _a330
773 0 _w130167
_tФінанси України
_dК.
_d2018
_g2
650 7 _a330 Економіка взагалі
_2UDC
999 _c418170
_d418170